La educación en actitudes y valores ; Dilemas para su enseñanza y evaluación
Uloženo v:
| Hlavní autor: | |
|---|---|
| Médium: | Kniha |
| Jazyk: | španělština |
| Vydáno: |
Rosario
Homo Sapiens
2003
|
| Témata: | |
| Tagy: |
Přidat tag
Žádné tagy, Buďte první, kdo vytvoří štítek k tomuto záznamu!
|
MARC
| LEADER | 00000nam a22000005a 4500 | ||
|---|---|---|---|
| 003 | CL-ChBUA | ||
| 005 | 20120815091455.0 | ||
| 008 | 080416s2003 ag ||||| |||| 000 ||spa | ||
| 020 | |a 9508083921 | ||
| 040 | |a CL-ChBUA |c CL-ChBUA | ||
| 082 | 0 | 0 | |a 370.114 |
| 090 | |c 23019 |d 23019 | ||
| 100 | 1 | |a Trillo, Felipe (coord.) | |
| 245 | 1 | 0 | |a La educación en actitudes y valores ; |b Dilemas para su enseñanza y evaluación |
| 260 | |a Rosario |b Homo Sapiens |c 2003 | ||
| 300 | |a 142 p. |c 22 cm. | ||
| 504 | |a Indice, bibl., cuads. | ||
| 650 | 4 | |a EDUCACION MORAL | |
| 650 | 4 | |a VALORES (EDUCACION) | |
| 650 | 4 | |a CONSTRUCTIVISMO (EDUCACION) | |
| 942 | |c LIB | ||
| 952 | |0 0 |1 0 |2 ddc |4 0 |6 370_114000000000000_ED_24 |7 0 |9 55946 |a UNACH |b UNACH |c 300 |d 2008-04-16 |i 44.303 |l 5 |m 1 |o 370.114 / Ed 24 |p 57032 |r 2017-08-31 00:00:00 |s 2017-08-21 |u 55946 |w 2012-08-08 |y LIB | ||
| 999 | |c 23019 |d 23019 | ||